Spotřební daně 2001

Úplné znenie zákona č. 587/1992 Sb., o spotrebných daniach, v znení posledných zmien a doplnení, platným v Českej republike.

Salvato in:
Dettagli Bibliografici
Autore principale: Tomíček, Milan
Natura: Capitolo di libro
Lingua:ceco
Soggetti:
Tags: Aggiungi Tag
Nessun Tag, puoi essere il primo ad aggiungerne!!

MARC

LEADER 00000naa a2200000 4500
001 r042174
005 20231004065616.4
041 0 |a cze 
044 |a CZ 
245 1 0 |a Spotřební daně 2001  |c Milan Tomíček 
520 |a Úplné znenie zákona č. 587/1992 Sb., o spotrebných daniach, v znení posledných zmien a doplnení, platným v Českej republike. 
610 2 0 |a dane spotrebné 
610 2 0 |a novelizácia 
610 2 0 |a zákony 
610 2 0 |a Česko 
100 1 |a Tomíček, Milan